Stations de métro sans sièges - Paris - Statistiques

Statistiques générales
  • Ce quiz a été pris 10 fois
  • Le résultat moyen est 3 sur 10
Statistiques - réponses
Hint Réponse % Correct
1 Bastille
38%
13 Place de Clichy
38%
13 Saint-Lazare
38%
1 Château de Vincennes
25%
10 Gare d'Austerlitz
25%
12 Marx Dormoy
25%
13 Porte de Clichy
25%
12 Porte de La Chapelle
25%
5 Campo-Formio
13%
5 Place d'Italie
13%
Aucun quiz correspondant
Distribution des résultats
% des personnes avec chaque résultat
Percentile par nombre de réponses
Votre historique - résultats
Vous n’avez pas pris ce quiz